Foundations in accountancy / ACCA: Performance management (PM) : ACCA approved workbook for exams in September 2021, December 2021, March 2022 and June 2022 (Record no. 130627)
[ view plain ]
| 000 -LEADER | |
|---|---|
| fixed length control field | 01198cam a2200301 a 4500 |
| 001 - CONTROL NUMBER | |
| control field | 177489 |
| 003 - CONTROL NUMBER IDENTIFIER | |
| control field | ARRUPE |
| 005 - DATE AND TIME OF LATEST TRANSACTION | |
| control field | 20210702114331.0 |
| 008 - FIXED-LENGTH DATA ELEMENTS--GENERAL INFORMATION | |
| fixed length control field | 980922s1998 enka 001 0 eng |
| 010 ## - LIBRARY OF CONGRESS CONTROL NUMBER | |
| LC control number | 98200330 |
| 020 ## - INTERNATIONAL STANDARD BOOK NUMBER | |
| International Standard Book Number | 9781509738014 |
| 040 ## - CATALOGING SOURCE | |
| Original cataloging agency | DLC |
| Transcribing agency | DLC |
| Modifying agency | DLC |
| 050 00 - LIBRARY OF CONGRESS CALL NUMBER | |
| Classification number | HF5661.A262428 2021 F5 |
| 300 ## - PHYSICAL DESCRIPTION | |
| Other physical details | ill. ; |
| Dimensions | 30 cm. |
| 245 00 - TITLE STATEMENT | |
| Title | Foundations in accountancy / ACCA: Performance management (PM) : ACCA approved workbook for exams in September 2021, December 2021, March 2022 and June 2022 |
| 250 ## - EDITION STATEMENT | |
| Edition statement | 2nd |
| 260 ## - PUBLICATION, DISTRIBUTION, ETC. (IMPRINT) | |
| Place of publication, distribution, etc | London : |
| Name of publisher, distributor, etc | BPP Publishing, |
| Date of publication, distribution, etc | 2021 |
| 300 ## - PHYSICAL DESCRIPTION | |
| Extent | xviii, 465 p. : |
| 490 1# - SERIES STATEMENT | |
| Series statement | ACCA Approved Workbook |
| 500 ## - GENERAL NOTE | |
| General note | Includes Ebook |
| 650 #0 - SUBJECT ADDED ENTRY--TOPICAL TERM | |
| Topical term or geographic name as entry element | Managerial accounting. |
| General subdivision | Examinations |
| -- | Study guides |
| 9 (RLIN) | 50154 |
| 650 #0 - SUBJECT ADDED ENTRY--TOPICAL TERM | |
| Topical term or geographic name as entry element | Association of Chartered Certified Accountants |
| General subdivision | Examinations |
| -- | Study guides |
| 9 (RLIN) | 50155 |
| 650 #0 - SUBJECT ADDED ENTRY--TOPICAL TERM | |
| Topical term or geographic name as entry element | Accountants |
| General subdivision | Certification |
| -- | Examinations |
| -- | Study guides |
| 9 (RLIN) | 50156 |
| 710 2# - ADDED ENTRY--CORPORATE NAME | |
| Corporate name or jurisdiction name as entry element | ACCA |
| 9 (RLIN) | 50157 |
| 830 #0 - SERIES ADDED ENTRY--UNIFORM TITLE | |
| Uniform title | ACCA Approved workbook |
| 9 (RLIN) | 50158 |
| 906 ## - LOCAL DATA ELEMENT F, LDF (RLIN) | |
| a | 7 |
| b | cbc |
| c | orignew |
| d | 2 |
| e | ncip |
| f | 19 |
| g | y-gencatlg |
| 942 ## - ADDED ENTRY ELEMENTS (KOHA) | |
| Source of classification or shelving scheme | Library of Congress Classification |
| Koha item type | Monograph ( Printed materials) |
| Withdrawn status | Lost status | Source of classification or shelving scheme | Damaged status | Not for loan | Home library | Current library | Date acquired | Total Checkouts | Full call number | Barcode | Date last seen | Date checked out | Price effective from | Koha item type |
|---|---|---|---|---|---|---|---|---|---|---|---|---|---|---|
| Library of Congress Classification | ARRUPE LIBRARY | ARRUPE LIBRARY | 02/07/2021 | 4 | HF5661.A262428 2021 F5 | 46600008281 | 11/09/2024 | 22/08/2024 | 02/07/2021 | Monograph ( Printed materials) |